000 00687nam a2200289Ia 4500
005 20260324131213.0
008 008 260324s9999 xx 000 0 eng d
020 _a9781849772341
037 _aEBOOK
040 _aCRL
040 _beng
040 _cCRL
041 _2eng
041 _aeng
084 _qCRL
100 _aDirk Assmann
_91184616
245 0 _aRenewable Energy
245 2 _bA Global Review of Technologies, Policies and Markets
260 _bTaylor and Francis
260 _c2006
365 _a
365 _b230
856 _uhttp://www.taylorfrancis.com/books/9781849772341
942 _cEBOOK
999 _c1781561
_d1781561